| 000 | 00546nam a22001697a 4500 | ||
|---|---|---|---|
| 999 |
_c15272 _d15272 |
||
| 003 | OSt | ||
| 082 | _2631.3 FEB/DE | ||
| 088 | _aT 34 | ||
| 100 |
_aFEBI VARGHESE _92900 |
||
| 245 | _aDesign fabrication and testing of an arecanut dehusker | ||
| 260 |
_aTavanur 1993 _bKelappaji College of Agricultrual Engineering and Technology |
||
| 300 | _a112 | ||
| 500 | _aDesign fabrication and testing of an arecanut dehusker | ||
| 520 | _aDesign fabrication and testing of an arecanut dehusker | ||
| 700 |
_aEr. Jippu Jacob (Guide) _92268 |
||
| 942 | _cTH | ||